Obsolete Occupations - Statistics

General Stats
  • This quiz has been taken 19 times
  • The average score is 4 of 20
Answer Stats
Hint Answer % Correct
A shoe repairer Cobbler
88%
A barrel maker Cooper
88%
A person who prepares and sells medicine Apothecary
63%
A maker or seller of candles Chandler
44%
A woman who sells fish Fishwife
44%
A maker of gloves Glover
31%
One who finds water under the ground Dowser
25%
A wagon builder Wainwright
19%
A shoemaker Cordwainer
13%
A keeper or trainer of falcons Faulkner
13%
A female servant Handmaid
13%
An worker of tin Whitesmith
6%
A worker of copper Brownsmith
0%
A female soothsayer or conjurer of spirits. Pythoness
0%
A stonecutter Quarryman
0%
A carpenter Sawyer
0%
A scribe or clerk Scrivener
0%
A shipmaker Shipwright
0%
A person who serves at a bar Tapster
0%
A jailer Turnkey
0%
No matching quizzes found
Score Distribution
Percent of People with Each Score
Percentile by Number Answered
Your Score History
You have not taken this quiz